000 00568nam a2200193 i 4500
001 41512
003 ES-MaACL
007 t|
008 030311s1965 mx ||||1| spa d
100 1 _aCarballido, Emilio.
_934996
245 1 4 _aLas visitaciones del diablo
_b: folletín romántico en XV partes /
_cEmilio Carballido.
250 _a1ª ed.
260 _a[México] :
_bJoaquín Mortiz,
_c[1965]
300 _a166 p. ;
_c18 cm.
490 1 _aSerie del volador
830 0 _aSerie del volador
_9181075
852 _aES-MaACL
_jE-9634
_bR.93900
999 _c41512
_d41512